| 000 | 00921nam a22002417i 4500 | ||
|---|---|---|---|
| 003 | EG-ScBUE | ||
| 005 | 20221120035607.0 | ||
| 008 | 220731s1995 ua f 000 p ara d | ||
| 040 |
_aEG-ScBUE _bara _erda _cEG-ScBUE _dEG-ScBUE |
||
| 082 | 0 | 4 |
_222 _a892.716 _bط ع ي |
| 100 | 1 |
_aطعيمة، إبراهيم، _eمؤلف. |
|
| 245 | 1 | 0 |
_aقبل السعير : _bبكائية الحياة الخاسرة وقصائد أخرى : شعر / _cإبراهيم طعيمة. |
| 264 | 1 |
_a[القاهرة] : _b[النشر الدهبي للطباعة]، _c[1995] |
|
| 300 |
_a101 صفحة ؛ _c24 سم |
||
| 336 |
_2rdacontent _aنص _btxt |
||
| 337 |
_2rdamedia _aبدون وسيط _bn |
||
| 338 |
_2rdacarrier _aمجلد _bnc |
||
| 541 | _aBook from store. | ||
| 650 | 7 |
_aالشعر العربي _xدواوين وقصائد. _2BUEsh |
|
| 653 |
_bARALIT _cNovember2022 |
||
| 655 | _vReading book | ||
| 942 | _2ddc | ||
| 999 |
_c29985 _d29956 |
||